[Event "Messina op 2nd"]
[Site "Messina"]
[Date "2012.08.29"]
[Round "3"]
[White "Russo, Alfio"]
[Black "Gromovs, Sergejs"]
[Result "0-1"]
[WhiteElo "1905"]
[BlackElo "2206"]
[PlyCount "40"]
[EventDate "2012.08.27"]
[EventType "swiss"]
[EventRounds "8"]
[EventCountry "ITA"]
[SourceTitle "EXT 2014"]
[Source "ChessBase"]
[SourceDate "2013.11.20"]
[SourceVersion "1"]
[SourceVersionDate "2013.11.20"]
[SourceQuality "1"]

1. g3 e5 2. Bg2 f5 3. c4 Nf6 4. Nc3 Bc5 5. e3 Nc6 6. Nge2 e4 7. d4 Be7 8. 0-0 d6 9. h4 0-0 10. a3 Ng4 11. Nd5 Bxh4 12. gxh4 Qxh4 13. Re1 Qxf2+ 14. Kh1 Be6 15. Nef4 Bxd5 16. Nxd5 Rae8 17. Qe2 Qg3 18. Kg1 Re6 19. Bd2 Rh6 20. Rac1 Rh1+ 0-1

[Event "Siracusa op 2nd"]
[Site "Siracusa"]
[Date "2007.09.06"]
[Round "6"]
[White "Valguarnera, Girolamo"]
[Black "Russo, Alfio"]
[Result "1/2-1/2"]
[WhiteElo "2185"]
[BlackElo "1928"]
[PlyCount "94"]
[EventDate "2007.09.02"]
[EventType "swiss"]
[EventRounds "9"]
[EventCountry "ITA"]
[SourceTitle "EXT 2010"]
[Source "ChessBase"]
[SourceDate "2010.11.25"]
[SourceVersion "1"]
[SourceVersionDate "2010.11.25"]
[SourceQuality "1"]

1. e4 c5 2. b4 cxb4 3. d4 d5 4. e5 Nc6 5. Be3 Qb6 6. Bd3 h5 7. Ne2 Bg4 8. h3 Bxe2 9. Bxe2 g6 10. 0-0 Nh6 11. c4 e6 12. cxd5 exd5 13. Bf3 Rd8 14. Re1 Nf5 15. Nd2 Nxe3 16. fxe3 Be7 17. Nb3 0-0 18. Rc1 Rfe8 19. Rf1 Bf8 20. Nc5 Nxe5 21. dxe5 Bxc5 22. Bxd5 Bxe3+ 23. Kh1 Rxe5 24. Bxf7+ Kg7 25. Qe2 Bd4 26. Qc2 Bc3 27. Rf3 Rd2 28. Qb3 Rb2 29. Qc4 Qc6 30. Qh4 Rf5 31. Bxg6 Rxf3 32. Bxh5 Rff2 33. Qg5+ Kf8 34. Qd8+ Kg7 35. Qg5+ Kh7 36. Bf3 Rxf3 37. Qh5+ Kg8 38. gxf3 Kf8 39. Qf5+ Qf6 40. Qc8+ Kf7 41. Qd7+ Kf8 42. Qc8+ Kf7 43. Qd7+ Qe7 44. Qf5+ Ke8 45. Qc8+ Kf7 46. Qf5+ Ke8 47. Qc8+ Kf7 1/2-1/2

[Event "Catania weekend op 9th"]
[Site "Catania"]
[Date "2005.02.13"]
[Round "2"]
[White "Seminara, Antonio"]
[Black "Russo, Alfio"]
[Result "1-0"]
[WhiteElo "1884"]
[BlackElo "1962"]
[PlyCount "59"]
[EventDate "2005.02.12"]
[EventType "swiss"]
[EventRounds "6"]
[EventCountry "ITA"]
[SourceTitle "EXT 2007"]
[Source "ChessBase"]
[SourceDate "2006.11.23"]
[SourceVersion "1"]
[SourceVersionDate "2006.11.23"]
[SourceQuality "1"]

1. d4 Nf6 2. Bg5 g6 3. Nc3 Bg7 4. e4 0-0 5. Qd2 d5 6. e5 Ne8 7. Be2 f6 8. Bh6 f5 9. h4 Nc6 10. h5 e6 11. hxg6 hxg6 12. Nf3 Qe7 13. 0-0-0 Nd8 14. Bxg7 Qxg7 15. Ng5 Nf7 16. Rh7 Qxh7 17. Nxh7 Kxh7 18. Rh1+ Kg7 19. g4 Rh8 20. Rxh8 Kxh8 21. gxf5 gxf5 22. Bh5 Kg7 23. Qe3 Kf8 24. Qg3 Ng7 25. Bxf7 Kxf7 26. Qh4 Ne8 27. Ne2 a5 28. Nf4 Ra6 29. Qh7+ Ng7 30. Nh5 1-0

[Event "Letojanni op 2nd"]
[Site "Letojanni"]
[Date "2002.12.27"]
[Round "7"]
[White "Russo, Alfio"]
[Black "Bonetti, Carlo"]
[Result "1-0"]
[WhiteElo "1792"]
[BlackElo "1778"]
[PlyCount "71"]
[EventDate "2002.12.21"]
[EventType "swiss"]
[EventRounds "9"]
[EventCountry "ITA"]
[SourceTitle "EXT 2007"]
[Source "ChessBase"]
[SourceDate "2006.11.23"]
[SourceVersion "1"]
[SourceVersionDate "2006.11.23"]
[SourceQuality "1"]

1. d4 e6 2. c4 Nf6 3. Nf3 b6 4. Nc3 Bb7 5. Bg5 Be7 6. e3 d6 7. Bd3 Nbd7 8. e4 e5 9. d5 a5 10. 0-0 h6 11. Be3 Nf8 12. Ne1 g5 13. Bc2 Ng6 14. Ba4+ Kf8 15. g3 Qc8 16. Qf3 Qh3 17. Qg2 Qh5 18. Bd1 g4 19. f4 Kg8 20. Nd3 Bc8 21. Rc1 exf4 22. Nxf4 Nxf4 23. Rxf4 Nh7 24. Bd4 f6 25. Kh1 Qg5 26. Nb5 Bd8 27. Be2 h5 28. Rcf1 Bd7 29. Qf2 Bxb5 30. cxb5 Kg7 31. Rf5 Qg6 32. Bd3 Ng5 33. Bxf6+ Bxf6 34. Rxf6 Qe8 35. Qf5 Nh3 36. Rf7+ 1-0

[Event "Letojanni op 2nd"]
[Site "Letojanni"]
[Date "2002.12.24"]
[Round "5"]
[White "Hocevar, Nikola"]
[Black "Russo, Alfio"]
[Result "1-0"]
[WhiteElo "2100"]
[BlackElo "1792"]
[PlyCount "120"]
[EventDate "2002.12.21"]
[EventType "swiss"]
[EventRounds "9"]
[EventCountry "ITA"]
[SourceTitle "EXT 2007"]
[Source "ChessBase"]
[SourceDate "2006.11.23"]
[SourceVersion "1"]
[SourceVersionDate "2006.11.23"]
[SourceQuality "1"]

1. c4 Nf6 2. Nc3 d6 3. g3 g6 4. Bg2 Bg7 5. Nf3 e5 6. 0-0 0-0 7. d4 Qe8 8. e4 c6 9. h3 a5 10. Re1 Na6 11. Be3 Nc7 12. dxe5 dxe5 13. Bc5 Nh5 14. Bxf8 Bxf8 15. Na4 Ra6 16. c5 f6 17. Rc1 Ng7 18. Bf1 Ra7 19. Qb3+ Nge6 20. Nb6 Kh8 21. Nxc8 Qxc8 22. Qe3 a4 23. Red1 Ra5 24. Qd2 Rxc5 25. Rxc5 Nxc5 26. Qd8 Qxd8 27. Rxd8 Kg7 28. a3 b5 29. Ne1 N7e6 30. Rc8 Nd4 31. f3 Nce6 32. Kg2 Kf7 33. Bd3 c5 34. Nc2 c4 35. Nxd4 exd4 36. Bxc4 bxc4 37. Rxc4 d3 38. Kf1 Nc5 39. Ke1 Bd6 40. f4 Ke6 41. Kd2 h5 42. h4 Be7 43. Ke3 Kd6 44. Rb4 Kc7 45. Rb5 g5 46. Ra5 d2 47. Ke2 gxf4 48. gxf4 Bd6 49. e5 fxe5 50. fxe5 Be7 51. Ra7+ Kd8 52. Kxd2 Bxh4 53. Rh7 Bg5+ 54. Kc3 h4 55. Kc4 Ne6 56. Kb5 Bc1 57. Rxh4 Bxb2 58. Kxa4 Bxe5 59. Kb5 Kd7 60. Rh7+ Kd6 1-0

[Event "Letojanni op 2nd"]
[Site "Letojanni"]
[Date "2002.12.23"]
[Round "4"]
[White "Russo, Alfio"]
[Black "Chilingirova, Pavlina"]
[Result "0-1"]
[WhiteElo "1792"]
[BlackElo "2216"]
[PlyCount "84"]
[EventDate "2002.12.21"]
[EventType "swiss"]
[EventRounds "9"]
[EventCountry "ITA"]
[SourceTitle "EXT 2007"]
[Source "ChessBase"]
[SourceDate "2006.11.23"]
[SourceVersion "1"]
[SourceVersionDate "2006.11.23"]
[SourceQuality "1"]

1. d4 d6 2. c4 e5 3. dxe5 dxe5 4. Qxd8+ Kxd8 5. Nf3 f6 6. e3 c6 7. Be2 Be6 8. 0-0 Kc7 9. a3 a5 10. b3 Nd7 11. Bd2 Nh6 12. Bc3 Nc5 13. Nbd2 Nf7 14. Rac1 Be7 15. b4 Na4 16. c5 Nxc3 17. Rxc3 axb4 18. axb4 Ra2 19. Bc4 Bxc4 20. Nxc4 Rd8 21. Rb1 f5 22. Ra3 Rxa3 23. Nxa3 b6 24. cxb6+ Kxb6 25. Nc4+ Kc7 26. Kf1 Rd5 27. Ra1 Kb7 28. Na5+ Kb6 29. Nc4+ Kb5 30. Ra7 Bxb4 31. Rxf7 Kxc4 32. Rxf5 Bc3 33. e4 Rb5 34. Rf7 Kd3 35. g4 Kxe4 36. Ng5+ Kd3 37. Rxg7 Bd4 38. Rxh7 c5 39. Nf3 c4 40. Rc7 Rb1+ 41. Kg2 c3 42. Rd7 c2 0-1